every song of my favorite pop girls :) - Statistics

General Stats
  • This quiz has been taken 73 times
  • The average score is 204 of 464
Answer Stats
tracks ALBUM: emails i can't send + DELUXE tracks % Correct
1 emails i can't send
83%
7 | SINGLE 7 Espresso
83%
10 Juno
83%
6 Bed Chem
67%
16 (DELUXE) Busy Woman
67%
15 (DELUXE) Feather
67%
7 how many things
67%
9 | SINGLE 5 Nonsense
67%
2 | SINGLE 8 Please Please Please
67%
14 (DELUXE) Please Please Please (feat. Dolly Parton)
67%
1 Taste
67%
1 the 1
67%
17 (DELUXE) things i wish you said
67%
2 | SINGLE 4 Vicious
67%
13 (DELUXE) 15 Minutes
50%
6 22
50%
1 all-american bitch
50%
SINGLE 10 All Of The Girls You Loved Before
50%
5 All Too Well
50%
32 (From The Vault) All Too Well (10 Minute Version)
50%
5 All You Had To Do Was Stay
50%
6 Already Over
50%
1 | SINGLE 6 A Nonsense Christmas
50%
3 | SINGLE 23 Anti-Hero
50%
14 (DELUXE) A Perfectly Good Heart
50%
4 A Place in this World
50%
8 august
50%
21 (DELUXE) | 3 Back To December
50%
18 (DELUXE) Back To December - Acoustic
50%
8 | SINGLE 6 Bad Blood
50%
17 (DELUXE) Bad Blood (feat. Kendrick Lamar)
50%
17 (DELUXE) Bad Reviews
50%
5 ballad of a homeschooled girl
50%
SINGLE 30 Beautiful Ghosts
50%
5 because i liked a boy
50%
9 Bejeweled
50%
1 Best
50%
8 Better
50%
10 Better Than Revenge
50%
15 Bigger Than The Whole Sky
50%
2 Blank Space
50%
1 brutal
50%
6 But Daddy I Love Him
50%
2 buy me presents
50%
26 (From The Vault) Bye Bye Baby
50%
14 Call It What You Want
50%
SINGLE 1 Can't Catch Me Now
50%
2 cardigan
50%
SINGLE 22 Carolina
50%
27 Cassandra
50%
26 (From The Vault) Castles Crumbling (feat. Hayley Williams)
50%
13 Change
50%
20 Chloe or Sam or Sophia or Marcus
50%
2 Christmases When You Were Mine
50%
5 Christmas Must Be Something More
50%
16 Clara Bow
50%
13 Clean
50%
5 Coincidence
50%
5 Cold As You
50%
18 (DELUXE) Come Back...Be Here
50%
9 Cornelia Street
50%
15 (DELUXE) Couldn't Make It Any Harder
50%
2 Cruel Summer
50%
11 Dancing With Our Hands Tied
50%
5 Dear John
50%
20 Dear Reader
50%
10 Death By A Thousand Cuts
50%
13 decode
50%
5 deja vu
50%
5 | SINGLE 8 Delicate
50%
12 Don't Smile
50%
10 Don't Worry I'll Make You Worry
50%
25 (From The Vault) Don't You
50%
8 dorothea
50%
4 Down Bad
50%
12 Dress
50%
3 drivers license
50%
8 Dumb & Poetic
50%
2 Elizabeth Taylor
50%
7 enough for you
50%
15 evermore (feat. Bon Iver)
50%
SINGLE 3 Everything Has Changed
50%
14 Everything Has Changed (feat. Ed Sheeran)
50%
4 exile (feat. Bon Iver)
50%
SINGLE 20 Eyes Open
50%
10 | SINGLE 3 Fast Times
50%
1 Fearless
50%
2 Fifteen
50%
29 (From The Vault) Forever Winter
50%
SINGLE 26 Fortnight
50%
1 Fortnight (feat. Post Malone)
50%
7 Fresh Out The Slammer
50%
9 Getaway Car
50%
8 get him back!
50%
14 (DELUXE) girl i've always been
50%
9 Go Go Juice
50%
3 gold rush
50%
6 good 4 u
50%
12 Goodbye
50%
3 Good Graces
50%
8 Gorgeous
50%
9 Guilty as Sin?
50%
4 Hey Stephen
50%
Feature 12 Highway Don't Care (with Tim McGraw)
50%
21 Hits Different
50%
16 hoax
50%
11 Honey
50%
11 hope ur ok
50%
11 House Tour
50%
21 How Did It End?
50%
10 How You Get The Girl
50%
25 (From The Vault) I Can See You
50%
3 I Did Something Bad
50%
1 I Forgot That You Existed
50%
16 (DELUXE) | SINGLE 17 If This Was A Movie
50%
23 I Hate It Here
50%
4 I Knew You Were Trouble
50%
12 I Know Places
50%
10 illicit affairs
50%
4 I Love You, I'm Sorry
50%
18 (DELUXE) | SINGLE 8 I Love You I'm Sorry - Live From Vevo
50%
18 imgonnagetyouback
50%
5 I miss you, I'm sorry
50%
12 (DELUXE) I'm Only Me When I'm With You
50%
22 (From The Vault) Is It Over Now?
50%
6 I Think He Knows
50%
17 (DELUXE) it's time to go - bonus track
50%
9 jealousy, jealousy
50%
14 (DELUXE) Jump Then Fall
50%
11 Karma
50%
23 Karma (feat. Ice Spice)
50%
4 lacy
50%
1 Last Christmas
50%
13 Last Kiss
50%
1 | SINGLE 24 Lavender Haze
50%
11 Lie To Girls
50%
7 logical
50%
12 loml
50%
11 London Boy
50%
16 (DELUXE) Lonesome
50%
9 love is embarrassing
50%
3 Lover
50%
Feature 1 Lover (feat. Shawn Mendes)
50%
3 | SINGLE 13 Love Story
50%
SINGLE 29 Macavity
50%
6 making the bed
50%
1 | SINGLE 9 Manchild
50%
2 Maroon
50%
10 Mary's Song (Oh My My My)
50%
13 Mastermind
50%
16 ME! (feat. Brendon Urie of Panic! At The Disco)
50%
20 (DELUXE) Mine
50%
1 Mine - POP Mix
50%
7 minor
50%
6 mirrorball
50%
22 (From The Vault) | SINGLE 16 Mr. Perfectly Fine
50%
3 My Boy Only Breaks His Favorite Toys
50%
5 my tears ricochet
50%
7 Never Getting Laid
50%
8 Never Grow Up
50%
16 (DELUXE) New Romantics
50%
15 New Year's Day
50%
6 Nobody's Son
50%
25 (From The Vault) Nothing New (feat. Phoebe Bridgers)
50%
20 (From The Vault) Now That We Don't Talk
50%
13 (DELUXE) obsessed
50%
3 Opalite
50%
14 (DELUXE) opposite
50%
15 (DELUXE) Ours
50%
11 Our Song
50%
16 Paris
50%
15 peace
50%
28 Peter
50%
2 Picture To Burn
50%
11 pretty isn't pretty
50%
1 | SINGLE 7 ...Ready For It?
50%
3 Read your Mind
50%
2 Red
50%
21 (DELUXE) Red - Original Demo Recording
50%
Feature 2 Renegade (with Big Red Machine)
50%
16 (DELUXE) right where you left me - bonus track
50%
30 Robin
50%
23 (From The Vault) | SINGLE 2 Ronan
50%
30 (From The Vault) Run (feat. Ed Sheeran)
50%
SINGLE 19 Safe & Sound
50%
3 Santa Baby
50%
3 santa doesn't know you like i do
50%
19 (From The Vault) Say Don't Go
50%
15 (DELUXE) scared of my guitar
50%
7 seven
50%
6 Shake It Off
50%
4 Sharpest Tool
50%
9 Should've Said No
50%
SINGLE 1 Skin
50%
11 | SINGLE 2 skinny dipping
50%
9 Slim Pickins
50%
18 (From The Vault) "Slut!"
50%
4 Snow On The Beach (feat. Lana Del Rey)
50%
22 Snow On The Beach (feat. More Lana Del Rey)
50%
17 (DELUXE) so american
50%
22 So High School
50%
7 So It Goes...
50%
5 So Long, London
50%
12 Soon You'll Get Better (feat. The Chicks)
50%
2 Sparks Fly
50%
4 Speak Now
50%
1 State Of Grace
50%
22 (DELUXE) State Of Grace - Acoustic
50%
SINGLE 2 Stay
50%
9 Stay Stay Stay
50%
16 (DELUXE) stranger
50%
3 Style
50%
21 (From The Vault) Suburban Legends
50%
4 Sugar Talking
50%
17 (DELUXE) Superman
50%
18 (DELUXE) Superstar
50%
12 Sweet Nothing
50%
2 | SINGLE 10 Tears
50%
12 teenage dream
50%
19 The Albatross
50%
15 The Alchemy
50%
5 The Archer
50%
17 The Black Dog
50%
29 The Bolter
50%
10 the grudge
50%
Feature 4 The Joker And The Queen (with Ed Sheeran)
50%
17 (DELUXE) the lakes
50%
10 The Last Time (feat. Gary Lightbody)
50%
12 The Life of a Showgirl (feat. Sabrina Carpenter)
50%
Feature 1 The Life Of A Showgirl (with Taylor Swift)
50%
13 The Lucky One
50%
4 The Man
50%
31 The Manuscript
50%
17 (DELUXE) The Moment I Knew
50%
26 The Prophecy
50%
14 The Smallest Man Who Ever Lived
50%
22 (DELUXE) | 7 The Story Of Us
50%
2 The Tortured Poets Department
50%
31 (From The Vault) The Very First Night
50%
10 The Way I Loved You
50%
11 | SINGLE 21 This Love
50%
28 (From The Vault) Timeless
50%
1 Tim McGraw
50%
4 'tis the damn season
50%
5 tolerate it
50%
4 Tornado Warnings
50%
2 traitor
50%
3 Treacherous
50%
20 (DELUXE) Treacherous - Original Demo Recording
50%
Feature 7 Two Is Better Than One (with BOYS LIKE GIRLS)
50%
3 Under/Over
50%
5 us. (feat. Taylor Swift)
50%
3 vampire
50%
8 Vigilante Shit
50%
5 We Almost Broke Up Again Last Night
50%
8 We Are Never Ever Getting Back Together
50%
1 Welcome To New York
50%
23 (From The Vault) We Were Happy
50%
8 When Did You Get Hot?
50%
24 (From The Vault) When Emma Falls in Love
50%
6 White Christmas
50%
5 White Horse
50%
6 white xmas
50%
10 Who's Afraid of Little Old Me?
50%
9 | SINGLE 18 | SINGLE 5 Wildest Dreams
50%
1 willow
50%
9 Wood
50%
19 Would've, Could've, Should've
50%
15 (DELUXE) You Are In Love
50%
14 | SINGLE 9 You Need To Calm Down
50%
SINGLE 25 You're Losing Me
50%
9 | SINGLE 12 You're Not Sorry
50%
5 You're On Your Own, Kid
50%
4 1 step forward, 3 steps back
33%
2 21
33%
15 (DELUXE) 405
33%
7 Actually Romantic
33%
15 Afterglow
33%
12 Alright
33%
7 Amelie
33%
10 Augusta
33%
26 (From The Vault) Babe
33%
Feature 11 Babe (with Sugarland)
33%
12 Bad for Business
33%
2 bad idea right?
33%
16 Begin Again
33%
24 (From The Vault) Better Man
33%
14 betty
33%
Feature 3 Birch (with Big Red Machine)
33%
3 Blowing Smoke
33%
7 Breathe (feat. Colbie Caillat)
33%
SINGLE 3 Brush Fire
33%
Feature 3 Call Me When You Break Up (with Selena Gomez)
33%
4 Camden
33%
10 CANCELLED!
33%
2 champagne problems
33%
4 cindy lou who
33%
13 Close To You
33%
14 closure
33%
17 (DELUXE) Come In With The Rain
33%
9 coney island (feat. The National)
33%
14 (DELUXE) Cool
33%
11 cowboy like me
33%
SINGLE 28 Crazier
33%
18 Daylight
33%
SINGLE 10 Death Wish (Live from The O2 Arena)
33%
8 Difficult
33%
4 Don't Blame Me
33%
5 Eldest Daughter
33%
23 (From The Vault) Electric Touch (feat. Fall Out Boy)
33%
2 End Game (feat. Ed Sheeran, Future)
33%
13 epiphany
33%
Feature 2 Everywhere, Everything (with Noah Kahan)
33%
13 False God
33%
10 favorite crime
33%
1 Feels Like
33%
1 Felt Good About You
33%
8 Florida!!! (feat. Florence + The Machine)
33%
11 Forever & Always
33%
16 (DELUXE) Forever & Always (Piano Version)
33%
3 For Real This Time
33%
12 Free Now
33%
20 (DELUXE) Free Now - Live From Vevo
33%
1 Friend
33%
3 Full machine
33%
Feature 9 Gasoline (with HAIM)
33%
9 Gave You I Gave You I
33%
11 Good Luck Charlie
33%
8 happier
33%
7 happiness
33%
17 High Infidelity
33%
28 (From The Vault) I Bet You Think About Me (feat. Chris Stapleton)
33%
13 | SINGLE 27 I Can Do It With a Broken Heart
33%
11 I Can Fix Him (No Really I Can)
33%
Feature 10 I Don't Wanna Live Forever (with ZAYN)
33%
8 I Knew It, I Know You
33%
19 (DELUXE) I Knew It, I Know You - Live From Vevo
33%
2 I know it won't work
33%
SINGLE 6 I know it won't work (Live)
33%
25 I Look in People's Windows
33%
11 Innocent
33%
13 (DELUXE) Invisible
33%
11 invisible string
33%
5 I should hate you
33%
5 is it new years yet?
33%
16 (DELUXE) I Told You Things
33%
17 It's Nice To Have A Friend
33%
10 ivy
33%
7 I Wish You Would
33%
10 King Of My Heart
33%
10 Labyrinth
33%
14 Long Live
33%
6 Long Sleeves
33%
12 long story short
33%
6 Look What You Made Me Do
33%
12 mad woman
33%
13 marjorie
33%
6 Mean
33%
SINGLE 1 Mean It
33%
27 (From The Vault) Message In A Bottle
33%
SINGLE 4 Mess It Up
33%
6 Midnight Rain
33%
7 Miss Americana & The Heartbreak Prince
33%
3 My Man on Willpower
33%
6 no body, no crime (feat. HAIM)
33%
4 Out Of The Woods
33%
17 (DELUXE) Packing It Up
33%
11 Painkillers
33%
7 Question...?
33%
12 Right now
33%
2 Risk
33%
2 Rockland
33%
6 Ruin The Friendship
33%
12 Sad Beautiful Tragic
33%
4 Silent Night
33%
15 Starlight
33%
8 Stay Beautiful
33%
SINGLE 4 Sweeter Than Fiction
33%
15 (DELUXE) Teardrops on My Guitar - Pop Version
33%
3 Teardrops On My Guitar - Radio Single Remix
33%
4 tehe
33%
8 Tell Me Why
33%
24 thanK you aIMee
33%
15 (DELUXE) That's So True
33%
SINGLE 9 That's So True (Live From Radio City Music Hall)
33%
24 (From The Vault) That's When (feat. Keith Urban)
33%
Feature 8 The Alcott (with The National)
33%
12 The Best Day
33%
5 The Bottom
33%
1 The Fate of Ophelia
33%
14 The Great War
33%
3 the last great american dynasty
33%
19 (DELUXE) The Other Side Of The Door
33%
6 The Outside
33%
9 this is me trying
33%
9 This is what the drugs are for
33%
13 This Is Why We Can't Have Nice Things
33%
7 Tied Together with a Smile
33%
20 (DELUXE) | SINGLE 1 Today Was A Fairytale
33%
7 Tough Love
33%
16 (DELUXE) Two people
33%
Feature 1 Unlearn (with benny blanco)
33%
14 (DELUXE) Unsteady
33%
15 (DELUXE) Untouchable
33%
4 Where do we go now?
33%
6 Will you cry?
33%
6 Wishful Thinking
33%
14 (DELUXE) Wonderland
33%
SINGLE 15 You All Over Me
33%
21 (From The Vault) You All Over Me (feat. Maren Morris)
33%
6 You Belong With Me
33%
8 bet u wanna
17%
13 (DELUXE) Block me out
17%
SINGLE 5 Block Me Out
17%
Feature 6 Both of Us (with. B. o. B.)
17%
SINGLE 7 Cedar
17%
SINGLE 14 Christmas Tree Farm
17%
9 Enchanted
17%
4 Father Figure
17%
27 (From The Vault) Foolish One
17%
19 (DELUXE) Girl At Home
17%
18 Glitch
17%
9 Hard to Sleep
17%
12 Haunted
17%
19 (DELUXE) Haunted - Acoustic Version
17%
11 Holy Ground
17%
7 I Almost Do
17%
6 Let It Happen
17%
10 Normal Thing
17%
SINGLE 11 Only The Young
17%
8 Paper Rings
17%
11 The blue
17%
8 Wish List
17%
10 Fault line
0%
7 Older
0%
Feature 5 us. (with Gracie Abrams)
0%
No matching quizzes found
Score Distribution
Percent of People with Each Score
Percentile by Number Answered
Your Score History
You have not taken this quiz